Erdély az 1848-as forradalom előtt
Elmentve itt :
| Szerző: | |
|---|---|
| Adatforrás: | Meister |
| Forrásdokumentuma: | A Hét. - 9 ; 10 ; 11 sz., 1991, 8; 11-12; 11 p. |
| Nyelv: | magyar |
| Kulcsszavak: | kisebbségtörténet történeti demográfia művelődéstörténet erdélyi rendek jobbágyság robot zsellérek nemesség (erdélyi) erdélyi nemesség polgárosodás értelmiség kisebbségi kérdés Habsburgok erdélyi románok magyarok Erdély, 1848 románok polgárság |
| LEADER | 00870nab a2200325 i 4500 | ||
|---|---|---|---|
| 001 | bibPRO00004934 | ||
| 008 | 060524s1991 xx hun | ||
| 040 | |a Sz1 | ||
| 041 | |a hun | ||
| 100 | 1 | |a EGYED Ákos | |
| 245 | 1 | 0 | |a Erdély az 1848-as forradalom előtt |c EGYED Ákos |
| 695 | |a kisebbségtörténet | ||
| 695 | |a történeti demográfia | ||
| 695 | |a művelődéstörténet | ||
| 695 | |a erdélyi rendek | ||
| 695 | |a jobbágyság | ||
| 695 | |a robot | ||
| 695 | |a zsellérek | ||
| 695 | |a nemesség (erdélyi) | ||
| 695 | |a erdélyi nemesség | ||
| 695 | |a polgárosodás | ||
| 695 | |a értelmiség | ||
| 695 | |a kisebbségi kérdés | ||
| 695 | |a Habsburgok | ||
| 695 | |a erdélyi románok | ||
| 695 | |a magyarok | ||
| 695 | |a Erdély, 1848 | ||
| 695 | |a románok | ||
| 695 | |a polgárság | ||
| 773 | 0 | |t A Hét. - |g 9 ; 10 ; 11 sz., 1991, 8; 11-12; 11 p. | |